SERVO CONTROL FACTS (E-Book) (Record no. 192067)

000 -LEADER
fixed length control field 00337 a2200121 4500
003 - CONTROL NUMBER IDENTIFIER
control field Nust
005 - DATE AND TIME OF LATEST TRANSACTION
control field 20170207154029.0
040 ## - CATALOGING SOURCE
Transcribing agency Nust
100 ## - MAIN ENTRY--PERSONAL NAME
Personal name BALDOR ELECTRIC COMPANY
245 ## - TITLE STATEMENT
Title SERVO CONTROL FACTS (E-Book)
Remainder of title A HANDBOOK EXPLAINING THE BASICS OF MOTION
Statement of responsibility, etc. BALDOR ELECTRIC COMPANY
260 ## - PUBLICATION, DISTRIBUTION, ETC.
Name of publisher, distributor, etc. BALDOR ELECTRIC COMPANY
651 ## - SUBJECT ADDED ENTRY--GEOGRAPHIC NAME
Geographic name (E-Book)
942 ## - ADDED ENTRY ELEMENTS (KOHA)
Source of classification or shelving scheme
Koha item type Book
Holdings
Withdrawn status Lost status Source of classification or shelving scheme Damaged status Not for loan Collection code Permanent Location Current Location Date acquired Total Checkouts Barcode Date last seen Price effective from Koha item type
            Military College of Signals (MCS) Military College of Signals (MCS) 12/12/2016   MCSEB-1149 12/08/2016 12/12/2016 Book
© 2023 Central Library, National University of Sciences and Technology. All Rights Reserved.